00430 2200169 4500001002100000005001500021035002000036245004500056100002400101250001700125300002800142260003600170082000800206084001400214020002200228650001000250INLIS00000000000049720240808051447 a0010-08240000151 aPanggilan Pertiwi /cMohd. Firdaus Husin0 aMohd. Firdaus Husin aCetakan ke-4 a47 hlm :bilus ;c21 cm aJakarta :bBalai Pustaka,c2007 a813 a813 MOH p a978-979-690-488-8 4aFiksi